| 000 | 01115nam a2200241 i 4500 | ||
|---|---|---|---|
| 001 | 155590 | ||
| 003 | ES-MaACL | ||
| 005 | 20230906210133.0 | ||
| 008 | 040723q18801910fr |||| | fre d | ||
| 040 |
_aCAM _bspa _cCAM |
||
| 100 | 1 |
_aHoracio Flaco, Quinto. _964182 |
|
| 245 | 1 | 4 |
_aLes satires / _cHorace; [cet ouvrage a été expliqué littéralment, traduit en français, annoté par Sommer et Desportes]. |
| 260 |
_aParis : _bLibrairie Hachette, _c[s.a.] ( _eRomainville (Seine) : _fImp. Tessier) |
||
| 300 |
_a296 p. ; _c19 cm. |
||
| 490 | 1 | _aLes auteurs latins expliqués par deux traductions françaises ... / par une société de professeurs et de latinistes | |
| 594 | _aMención de resp. tomada de verso de la antep. | ||
| 596 | _aProbablemente impreso a finales del siglo XIX o comienzos del XX. | ||
| 700 | 0 |
_aSommer, Edouard. _9107269 |
|
| 700 | 1 |
_aDesportes, Auguste. _9126774 |
|
| 830 | 0 |
_aLes auteurs latins expliqués par deux traductions françaises ... / par une société de professeurs et de latinistes _9187949 |
|
| 852 |
_aES-MaACL _jB-12594 _z-- Sin enc. |
||
| 999 |
_c155590 _d155590 |
||